Límites de la vida humana

Đã lưu trong:
Chi tiết về thư mục
Tác giả chính: Sauvy, Alfred (Tác giả)
Định dạng: Sách
Ngôn ngữ:Tiếng Tây Ban Nha
Được phát hành: Barcelona De Occidente 1964
Những chủ đề:
Các nhãn: Thêm thẻ
Không có thẻ, Là người đầu tiên thẻ bản ghi này!

MARC

LEADER 00000nam a2200000 a 4500
001 UCZ7462
003 CL-VaPUC
008 960105e19640000SP |||||||||||||||||spa|d
082 0 4 |a 398.354  |b SAU  |2 21 
100 0 |a Sauvy, Alfred  |e author  |9 352351 
245 1 0 |a Límites de la vida humana 
300 |a 135 p 
942 |c BK 
945 |d 19960105 00:00:00  |a cmena 
260 |a Barcelona  |b De Occidente  |c 1964 
650 0 |a Vida  |9 266033 
650 0 |a Naturaleza humana   |9 308593 
650 0 |a Ciencias de la vida  |9 314137 
650 0 |a Ciclo de vida  |9 349262 
650 7 |a ENVEJECIMIENTO  |2 CL-VaPUC  |9 352352 
650 7 |a MADUREZ  |2 CL-VaPUC  |9 309002 
650 0 |a Muerte  |9 265114 
583 |a last modification  |c 19960105 00:00:00  |k Rodrigo Vera 
999 |c 243534  |d 243532 
952 |0 0  |1 0  |4 0  |6 398_354000000000000_SAU_1964  |7 0  |8 P  |9 257205  |a BIBEDU  |b BIBEDU  |c BIBEDU_PB  |d 2019-11-19  |i 1612808  |o 398.354 SAU 1964  |p 1612808  |r 2024-01-25  |w 2019-11-19  |y BK  |k EDU